| Tag |
First Indicator |
Second Indicator |
Subfields |
| LEADER |
00000cgm a2200000Mi 4500 |
| 001 |
in00005581821 |
| 006 |
m o c |
| 007 |
cr |n||||||||a |
| 007 |
vz |za|z| |
| 008 |
180619s2015 nju002 e o vueng d |
| 005 |
20241201234152.9 |
| 035 |
|
|
|a (OCoLC)on1048450117
|
| 040 |
|
|
|a ALSTP
|b eng
|e rda
|e pn
|c ALSTP
|d OCLCO
|d OCLCF
|d OCLCQ
|d CAUOI
|d OCLCO
|
| 020 |
|
|
|z 9781119083122
|
| 035 |
|
|
|a (OCoLC)1048450117
|
| 049 |
|
|
|a TXAM
|
| 245 |
0 |
0 |
|a Word 2016 for dummies adding tables & objects course.
|p Merging and splitting table cells in Word 2016 /
|c For Dummies, a Wiley brand.
|
| 264 |
|
1 |
|a Hoboken, NJ :
|b John Wiley & Sons,
|c 2015.
|
| 300 |
|
|
|a 1 online resource (2 min.)
|
| 306 |
|
|
|a 000131
|
| 336 |
|
|
|a two-dimensional moving image
|b tdi
|2 rdacontent
|
| 337 |
|
|
|a computer
|b c
|2 rdamedia
|
| 337 |
|
|
|a video
|b v
|2 rdamedia
|
| 338 |
|
|
|a online resource
|b cr
|2 rdacarrier
|
| 347 |
|
|
|a video file
|2 rda
|
| 500 |
|
|
|a Title from resource description page (viewed June 19, 2018).
|
| 520 |
|
|
|a Merging and splitting cells are two different ways to customize tables to display information in a table. This video offers several ways to merge or split cells, such as buttons on the ribbon and drawing or erasing lines, to get the layout you need.
|
| 546 |
|
|
|a In English.
|
| 630 |
0 |
0 |
|a Microsoft Word.
|
| 630 |
0 |
7 |
|a Microsoft Word.
|2 fast
|0 (OCoLC)fst01368050
|
| 650 |
|
0 |
|a Word processing.
|
| 650 |
|
2 |
|a Word Processing
|
| 650 |
|
6 |
|a Traitement de texte.
|
| 650 |
|
7 |
|a Word processing.
|2 fast
|0 (OCoLC)fst01180127
|
| 655 |
|
7 |
|a Instructional films.
|2 fast
|0 (OCoLC)fst01726236
|
| 655 |
|
7 |
|a Instructional films.
|2 lcgft
|
| 655 |
|
7 |
|a Films de formation.
|2 rvmgf
|
| 776 |
0 |
8 |
|i Original version:
|z 9781119083122
|
| 856 |
4 |
0 |
|u http://proxy.library.tamu.edu/login?url=https://www.aspresolver.com/aspresolver.asp?MARC;3907353
|z Connect to this streaming video (Alexander Street Press)
|t 0
|
| 955 |
|
|
|a Alexander Street Press subscription streaming video
|
| 994 |
|
|
|a 92
|b TXA
|
| 999 |
f |
f |
|s 954c63f6-604b-4c48-9182-042ae87c231c
|i 229f8c1f-b9b9-45d8-9d53-ae7357fb1b89
|t 0
|
| 952 |
f |
f |
|a Texas A&M University
|b College Station
|c Electronic Resources
|d Available Online
|t 0
|h Library of Congress classification
|
| 998 |
f |
f |
|t 0
|l Available Online
|